[Event "GER-ch Seniors 65"]
[Site "Hamburg"]
[Date "2018.07.28"]
[Round "8"]
[White "Prueske, Wolfgang"]
[Black "Rueberg, Jobst"]
[Result "1/2-1/2"]
[WhiteElo "2000"]
[BlackElo "2119"]
[PlyCount "60"]
[EventDate "2018.07.21"]
[EventType "swiss"]
[EventRounds "9"]
[EventCountry "GER"]
[SourceTitle "CBM 186 Extra"]
[Source "ChessBase"]
[SourceDate "2018.08.24"]
[SourceVersion "1"]
[SourceVersionDate "2018.08.24"]
[SourceQuality "1"]

1. e4 c5 2. Nf3 e6 3. b3 a6 4. Bb2 Nc6 5. c4 d6 6. d4 cxd4 7. Nxd4 Qc7 8. g3 Nf6 9. Bg2 Be7 10. 0-0 0-0 11. Nxc6 bxc6 12. Nc3 Bb7 13. Rc1 Rad8 14. Qe2 Rfe8 15. Rfd1 Qb8 16. Na4 Nd7 17. f4 c5 18. e5 Bxg2 19. Kxg2 dxe5 20. fxe5 Nf8 21. h4 Rxd1 22. Rxd1 Rd8 23. Rf1 Nd7 24. Rd1 h6 25. Bc3 Qc7 26. Qe4 Nb8 27. Rxd8+ Bxd8 28. Nb2 Nc6 29. Nd3 Be7 30. Nf4 Qd7 1/2-1/2

[Event "Bayern-chI Bank Hofmann 21st"]
[Site "Tegernsee"]
[Date "2017.10.28"]
[Round "1"]
[White "Gopal, Geetha Narayanan"]
[Black "Rueberg, Jobst"]
[Result "1-0"]
[WhiteElo "2589"]
[BlackElo "2121"]
[PlyCount "117"]
[EventDate "2017.10.28"]
[EventType "swiss"]
[EventRounds "9"]
[EventCountry "GER"]
[SourceTitle "CBM 181 Extra"]
[Source "ChessBase"]
[SourceDate "2017.12.12"]
[SourceVersion "1"]
[SourceVersionDate "2017.12.12"]
[SourceQuality "1"]

1. e4 c5 2. Nf3 e6 3. d4 cxd4 4. Nxd4 a6 5. Bd3 Nf6 6. 0-0 Qc7 7. Qe2 d6 8. c4 g6 9. Nc3 Bg7 10. Rd1 0-0 11. Nf3 Nbd7 12. Bf4 Nh5 13. Be3 b6 14. Rac1 Bb7 15. Bb1 Rfe8 16. Qd2 Bf8 17. b3 Be7 18. Bg5 Bf8 19. Qe3 Rac8 20. h3 Qb8 21. Bh6 Be7 22. a4 Nc5 23. Bc2 Qc7 24. Re1 Nd7 25. Rcd1 Ne5 26. Nd4 Nc6 27. Rd2 Nxd4 28. Qxd4 Rcd8 29. Red1 Bf6 30. Qd3 Be7 31. Be3 Nf6 32. Bd4 Nd7 33. Qg3 Rc8 34. Be3 Rcd8 35. Bg5 Ne5 36. Bxe7 Qxe7 37. f4 Nc6 38. Kh1 Nb4 39. Bb1 Nc6 40. Kh2 Nb8 41. f5 e5 42. Qe3 Qc7 43. Qg5 Kg7 44. Rd3 f6 45. Qd2 Nc6 46. Nd5 Qb8 47. Rf1 Nd4 48. fxg6 Bxd5 49. exd5 h6 50. Rxf6 Rf8 51. Rf7+ Rxf7 52. gxf7 Kxf7 53. Qf2+ Ke7 54. Qh4+ Kd7 55. Rxd4 exd4 56. Bf5+ Ke8 57. Qxh6 Kf7 58. Be6+ Ke7 59. Qg7+ 1-0

[Event "Schleswig Holstein-ch Seniors op 11th"]
[Site "Buesum"]
[Date "2017.09.14"]
[Round "7"]
[White "Schumacher, Helmut"]
[Black "Rueberg, Jobst"]
[Result "0-1"]
[WhiteElo "1890"]
[BlackElo "2130"]
[PlyCount "72"]
[EventDate "2017.09.08"]
[EventType "swiss"]
[EventRounds "9"]
[EventCountry "GER"]
[SourceTitle "EXT 2019"]
[Source "ChessBase"]
[SourceDate "2018.10.10"]
[SourceVersion "1"]
[SourceVersionDate "2018.10.10"]
[SourceQuality "1"]

1. d4 g6 2. e4 Bg7 3. Nc3 d6 4. Nge2 Nd7 5. g3 Ngf6 6. Bg2 e5 7. h3 0-0 8. Be3 exd4 9. Bxd4 c6 10. a4 Qc7 11. 0-0 b6 12. f4 Bb7 13. Qd2 Rad8 14. Rad1 a6 15. Bf2 Nb8 16. a5 bxa5 17. Na4 c5 18. Nec3 Bc6 19. b3 Bb5 20. Rfe1 Nc6 21. Nd5 Nxd5 22. exd5 Ne7 23. c4 Bxa4 24. bxa4 Rb8 25. Re4 Rb4 26. Qe2 Nf5 27. g4 Nd4 28. Qa2 Qd7 29. Ra1 Rfb8 30. Rc1 Rb2 31. Qa1 Ne2+ 32. Rxe2 Rxe2 33. Qa3 Rbb2 34. Rf1 Bd4 35. Qg3 Rxf2 36. Rxf2 Bxf2+ 0-1

[Event "Schleswig Holstein-ch Seniors op 11th"]
[Site "Buesum"]
[Date "2017.09.09"]
[Round "2"]
[White "Rueberg, Jobst"]
[Black "Oettel, Lothar"]
[Result "1-0"]
[WhiteElo "2130"]
[BlackElo "1937"]
[PlyCount "51"]
[EventDate "2017.09.08"]
[EventType "swiss"]
[EventRounds "9"]
[EventCountry "GER"]
[SourceTitle "EXT 2019"]
[Source "ChessBase"]
[SourceDate "2018.10.10"]
[SourceVersion "1"]
[SourceVersionDate "2018.10.10"]
[SourceQuality "1"]

1. e4 c5 2. Nf3 Nc6 3. c3 g6 4. d4 cxd4 5. cxd4 d6 6. Nc3 Bg7 7. Be2 Nf6 8. 0-0 0-0 9. h3 a6 10. Re1 Bd7 11. Bg5 Rc8 12. Qd2 b5 13. Bd3 Qb6 14. e5 b4 15. Na4 Qa5 16. exf6 exf6 17. Bf4 Qxa4 18. Bxd6 Rfe8 19. Rxe8+ Rxe8 20. d5 Ne5 21. Nxe5 fxe5 22. Bxb4 Bf8 23. Bxf8 Rxf8 24. Qe2 Qd4 25. Rd1 Rb8 26. b3 1-0

[Event "GER-chA Seniors 29th"]
[Site "Berlin"]
[Date "2017.08.12"]
[Round "5"]
[White "Zimmermann, Rolf"]
[Black "Rueberg, Jobst"]
[Result "1/2-1/2"]
[WhiteElo "2205"]
[BlackElo "2092"]
[PlyCount "93"]
[EventDate "2017.08.07"]
[EventType "swiss"]
[EventRounds "9"]
[EventCountry "GER"]
[SourceTitle "EXT 2019"]
[Source "ChessBase"]
[SourceDate "2018.10.10"]
[SourceVersion "1"]
[SourceVersionDate "2018.10.10"]
[SourceQuality "1"]

1. c4 e5 2. Nc3 d6 3. g3 Nf6 4. Bg2 Be7 5. e3 c6 6. Nge2 0-0 7. 0-0 Nbd7 8. d4 Qc7 9. b3 Re8 10. Bb2 Bf8 11. Rc1 Nb6 12. Qc2 Bd7 13. Ne4 Nxe4 14. Bxe4 g6 15. c5 dxc5 16. dxe5 Bg7 17. f4 Bg4 18. Bf3 Bxf3 19. Rxf3 Nd7 20. e4 Red8 21. Rd1 Nf8 22. Rfd3 Rxd3 23. Rxd3 Rd8 24. Bc3 Rxd3 25. Qxd3 Qb6 26. Kg2 Qb5 27. Qd2 c4 28. Nd4 Qa6 29. b4 b5 30. Nf3 Qc8 31. h3 h5 32. Bd4 a6 33. Bc5 Ne6 34. Bd6 c5 35. f5 Nd4 36. fxg6 fxg6 37. bxc5 Nxf3 38. Kxf3 Qxh3 39. c6 Qh1+ 40. Qg2 Qd1+ 41. Qe2 Qh1+ 42. Ke3 Qg1+ 43. Kd2 Qd4+ 44. Kc2 Bxe5 45. c7 Qc3+ 46. Kd1 Qa1+ 47. Kd2 1/2-1/2

[Event "GER-chA Seniors 29th"]
[Site "Berlin"]
[Date "2017.08.11"]
[Round "4"]
[White "Rueberg, Jobst"]
[Black "Koehler, Gerhard"]
[Result "1/2-1/2"]
[WhiteElo "2092"]
[BlackElo "2188"]
[PlyCount "92"]
[EventDate "2017.08.07"]
[EventType "swiss"]
[EventRounds "9"]
[EventCountry "GER"]
[SourceTitle "EXT 2019"]
[Source "ChessBase"]
[SourceDate "2018.10.10"]
[SourceVersion "1"]
[SourceVersionDate "2018.10.10"]
[SourceQuality "1"]

1. e4 c5 2. Nf3 e6 3. c3 Nf6 4. d3 Be7 5. g3 d5 6. e5 Nfd7 7. d4 Nc6 8. Be3 b6 9. h4 Bb7 10. a3 cxd4 11. cxd4 Na5 12. Nbd2 Rc8 13. b3 Qc7 14. Bd3 Qc3 15. Qb1 Nxb3 16. Qxb3 Qxa1+ 17. Nb1 Bxa3 18. 0-0 Be7 19. Bb5 a6 20. Bxd7+ Kxd7 21. Qxb6 Bc6 22. Rc1 Rc7 23. Kg2 Rhc8 24. Nc3 Qa3 25. Nb1 Qa4 26. Nc3 Qb4 27. Qxa6 Bb7 28. Qa2 Ra8 29. Qc2 h6 30. Bd2 Qa3 31. Rb1 Ba6 32. Rb3 Qa1 33. Rb1 Qa5 34. Rb2 Rac8 35. Ra2 Qb6 36. Qa4+ Kd8 37. Qxa6 Qxa6 38. Rxa6 Rxc3 39. Bxc3 Rxc3 40. Ra8+ Kd7 41. Ra7+ Rc7 42. Ra2 Bb4 43. Kf1 Kc6 44. Ke2 Kd7 45. Rb2 Be7 46. Ne1 h5 1/2-1/2

[Event "Hessen-ch Seniors op 12th"]
[Site "Bad Sooden-Allendorf"]
[Date "2016.05.01"]
[Round "2"]
[White "Rueberg, Jobst"]
[Black "Schnegelsberg, Karl Heinz"]
[Result "1-0"]
[WhiteElo "2136"]
[BlackElo "1990"]
[PlyCount "115"]
[EventDate "2016.04.30"]
[EventType "swiss"]
[EventRounds "9"]
[EventCountry "GER"]
[SourceTitle "EXT 2019"]
[Source "ChessBase"]
[SourceDate "2018.10.10"]
[SourceVersion "1"]
[SourceVersionDate "2018.10.10"]
[SourceQuality "1"]

1. e4 e6 2. d4 d5 3. e5 c5 4. c3 Qb6 5. Nf3 Nc6 6. a3 Nh6 7. b4 cxd4 8. cxd4 Nf5 9. Be3 Bd7 10. Be2 f6 11. exf6 gxf6 12. 0-0 Bg7 13. Nc3 Qd8 14. Bf4 0-0 15. Rc1 Kh8 16. Bb5 Qb6 17. Re1 Rae8 18. Bxc6 Bxc6 19. Qd3 a6 20. h3 Bd7 21. Qd2 Rc8 22. Ne2 Bb5 23. Ng3 Nxg3 24. Bxg3 Rc4 25. Qe3 Bd7 26. Nd2 Rxc1 27. Rxc1 Rc8 28. Rxc8+ Bxc8 29. Nb3 Qc6 30. Bf4 Qc2 31. Nc5 Qf5 32. g4 Qb1+ 33. Kg2 h5 34. Nxe6 hxg4 35. hxg4 Qe4+ 36. Qxe4 dxe4 37. d5 Kg8 38. Bd6 Bh6 39. Kg3 Bc1 40. a4 Kf7 41. Nc5 e3 42. fxe3 Bxe3 43. Bf4 Bd4 44. Kf3 Bc3 45. b5 axb5 46. axb5 Ba5 47. Be3 Bd8 48. Ne4 Bc7 49. Bf4 Bxf4 50. Kxf4 Ke7 51. b6 Bd7 52. g5 fxg5+ 53. Kxg5 Bh3 54. Kf4 Bg2 55. Ke5 Bh3 56. Nc5 Bc8 57. Ne4 Kd8 58. Kd6 1-0

[Event "Hessen-ch Seniors op 12th"]
[Site "Bad Sooden-Allendorf"]
[Date "2016.04.30"]
[Round "1"]
[White "Fleischer, Martin"]
[Black "Rueberg, Jobst"]
[Result "0-1"]
[WhiteElo "1865"]
[BlackElo "2136"]
[PlyCount "46"]
[EventDate "2016.04.30"]
[EventType "swiss"]
[EventRounds "9"]
[EventCountry "GER"]
[SourceTitle "EXT 2019"]
[Source "ChessBase"]
[SourceDate "2018.10.10"]
[SourceVersion "1"]
[SourceVersionDate "2018.10.10"]
[SourceQuality "1"]

1. e4 c5 2. Nf3 a6 3. a4 e6 4. d4 cxd4 5. Nxd4 Nf6 6. Nc3 Qc7 7. Bd3 b6 8. 0-0 Bb7 9. Qe2 d6 10. Bg5 Nbd7 11. Kh1 g6 12. Nb3 Bg7 13. f4 0-0 14. Bh4 Rfe8 15. h3 Nc5 16. Nxc5 bxc5 17. Bg3 Nd7 18. Qd2 c4 19. Be2 d5 20. exd5 exd5 21. Nxd5 Rxe2 22. Nxc7 Rxd2 23. Nxa8 Rxg2 0-1

[Event "Ruhrgebiet Regionalliga 1516"]
[Site "Germany"]
[Date "2016.01.17"]
[Round "5.4"]
[White "Rueberg, Jobst"]
[Black "Ozerov, Ilja"]
[Result "0-1"]
[WhiteElo "2044"]
[BlackElo "2164"]
[PlyCount "98"]
[EventDate "2015.09.13"]
[EventType "team-tourn"]
[EventRounds "9"]
[EventCountry "GER"]
[SourceTitle "EXT 2022"]
[Source "ChessBase"]
[SourceDate "2021.10.06"]
[SourceVersion "1"]
[SourceVersionDate "2021.10.06"]
[SourceQuality "1"]
[WhiteTeam "Ahlen SV"]
[BlackTeam "Muelheim Nord III"]
[WhiteTeamCountry "GER"]
[BlackTeamCountry "GER"]

1. e4 d6 2. d4 Nf6 3. Nc3 g6 4. Bd3 Bg7 5. h3 0-0 6. Nf3 c6 7. 0-0 b5 8. Bg5 Re8 9. a4 b4 10. Nb1 Bb7 11. c3 bxc3 12. bxc3 c5 13. Nbd2 Nc6 14. Rb1 Rb8 15. Qe2 Ba8 16. Bb5 cxd4 17. cxd4 Rf8 18. Rfc1 Na5 19. Bd3 Rxb1 20. Rxb1 Qc7 21. d5 Rb8 22. Rxb8+ Qxb8 23. Bb5 Qc7 24. Qd3 Bb7 25. Be3 Bc8 26. Bd4 Nd7 27. Bxg7 Kxg7 28. Kh2 Kg8 29. Nd4 Nc5 30. Qc3 a6 31. Be2 Bd7 32. Bd1 Qb6 33. Nc4 Nxc4 34. Qxc4 Qa5 35. Nf3 Bxa4 36. Be2 Bb5 37. Qc2 Qa4 38. Qxa4 Bxa4 39. Nd2 Bc2 40. f3 a5 41. Nc4 a4 42. Na3 Bb3 43. Kg1 f5 44. exf5 gxf5 45. Bc4 Bxc4 46. Nxc4 Nd7 47. Kf2 Nf6 48. Ke3 Nxd5+ 49. Kd4 Nf4 0-1

[Event "Schleswig Holstein-ch Seniors op 9th"]
[Site "Buesum"]
[Date "2015.10.05"]
[Round "7"]
[White "Villing, Dieter"]
[Black "Rueberg, Jobst"]
[Result "0-1"]
[WhiteElo "2066"]
[BlackElo "2143"]
[PlyCount "70"]
[EventDate "2015.09.28"]
[EventType "swiss"]
[EventRounds "9"]
[EventCountry "GER"]
[SourceTitle "EXT 2018"]
[Source "ChessBase"]
[SourceDate "2017.10.13"]
[SourceVersion "1"]
[SourceVersionDate "2017.10.13"]
[SourceQuality "1"]

1. d4 Nf6 2. Nc3 d5 3. Bg5 Nbd7 4. Qd3 a6 5. e4 dxe4 6. Nxe4 Nxe4 7. Qxe4 Nf6 8. Bxf6 gxf6 9. 0-0-0 Qd6 10. Nf3 Bg7 11. Bd3 Be6 12. c4 0-0-0 13. d5 f5 14. Qe3 Bd7 15. Qa7 c5 16. dxc6 Qxc6 17. Rhe1 Be6 18. Ne5 Qa4 19. f4 Qxa2 20. c5 Qa1+ 21. Kc2 Qa4+ 22. Kc1 Qa1+ 23. Kc2 Qa4+ 24. Kc1 Bxe5 25. fxe5 Bb3 26. Bxf5+ e6 27. Rd6 exf5 28. c6 Qa1+ 29. Kd2 Rxd6+ 30. exd6 Qxb2+ 31. Ke3 f4+ 32. Kxf4 Qd2+ 33. Qe3 Qxd6+ 34. Kf3 Qf6+ 35. Qf4 Bd5+ 0-1

[Event "Schleswig Holstein-ch Seniors op 9th"]
[Site "Buesum"]
[Date "2015.09.30"]
[Round "3"]
[White "Werner, Clemens"]
[Black "Rueberg, Jobst"]
[Result "1-0"]
[WhiteElo "2330"]
[BlackElo "2143"]
[PlyCount "59"]
[EventDate "2015.09.28"]
[EventType "swiss"]
[EventRounds "9"]
[EventCountry "GER"]
[SourceTitle "EXT 2018"]
[Source "ChessBase"]
[SourceDate "2017.10.13"]
[SourceVersion "1"]
[SourceVersionDate "2017.10.13"]
[SourceQuality "1"]

1. e4 c5 2. Nf3 e6 3. c3 d5 4. exd5 exd5 5. d4 a6 6. Be2 Nc6 7. 0-0 Bd6 8. dxc5 Bxc5 9. Nbd2 Nge7 10. Nb3 Bd6 11. Bg5 0-0 12. Bh4 Bg4 13. Bg3 Bxg3 14. hxg3 Qb6 15. Qd2 Rad8 16. Rad1 Bc8 17. Rfe1 Bf5 18. Nfd4 Bg6 19. Bf3 Rd7 20. Nxc6 bxc6 21. Qd4 Qb8 22. Nc5 Ra7 23. g4 Nc8 24. b3 a5 25. Rd2 Nb6 26. Rde2 h6 27. Re7 Rxe7 28. Rxe7 Qd6 29. Ne6 f6 30. Rxg7+ 1-0

[Event "Schleswig Holstein-ch Seniors op 9th"]
[Site "Buesum"]
[Date "2015.09.29"]
[Round "2"]
[White "Rueberg, Jobst"]
[Black "Juergens, Peter1111"]
[Result "1-0"]
[WhiteElo "2143"]
[BlackElo "1943"]
[PlyCount "81"]
[EventDate "2015.09.28"]
[EventType "swiss"]
[EventRounds "9"]
[EventCountry "GER"]
[SourceTitle "EXT 2018"]
[Source "ChessBase"]
[SourceDate "2017.10.13"]
[SourceVersion "1"]
[SourceVersionDate "2017.10.13"]
[SourceQuality "1"]

1. e4 e6 2. d4 d5 3. e5 c5 4. c3 Nc6 5. Nf3 Qb6 6. Be2 cxd4 7. cxd4 Nh6 8. Nc3 Nf5 9. Na4 Qa5+ 10. Bd2 Bb4 11. Bc3 b5 12. a3 Bxc3+ 13. Nxc3 b4 14. axb4 Qxb4 15. Bb5 Bd7 16. Bxc6 Bxc6 17. Qd2 0-0 18. 0-0 a5 19. Rfc1 Rfc8 20. h3 h6 21. Rc2 Bd7 22. Qd3 Bb5 23. Nxb5 Rxc2 24. Qxc2 Qxb5 25. Qc3 Rb8 26. Rxa5 Qxb2 27. Qxb2 Rxb2 28. Ra8+ Kh7 29. g4 Ne7 30. Ra7 Nc6 31. Rxf7 Rb4 32. Rf4 Kg6 33. Kg2 Rb1 34. h4 Rd1 35. h5+ Kh7 36. g5 Kg8 37. gxh6 gxh6 38. Rf6 Nxd4 39. Nxd4 Rxd4 40. Rxe6 Re4 41. Kg3 1-0

[Event "Dortmund Sparkassen op-A"]
[Site "Dortmund"]
[Date "2015.06.28"]
[Round "2"]
[White "Stemmler, Fabian"]
[Black "Rueberg, Jobst"]
[Result "1/2-1/2"]
[WhiteElo "1940"]
[BlackElo "2143"]
[PlyCount "52"]
[EventDate "2015.06.27"]
[EventType "swiss"]
[EventRounds "9"]
[EventCountry "GER"]
[SourceTitle "CBM 167 Extra"]
[Source "ChessBase"]
[SourceDate "2015.09.14"]
[SourceVersion "1"]
[SourceVersionDate "2015.09.14"]
[SourceQuality "1"]

1. e4 c5 2. d4 cxd4 3. c3 d3 4. Bxd3 Nc6 5. c4 Nf6 6. Nf3 d6 7. h3 e6 8. Nc3 Be7 9. 0-0 0-0 10. Be3 b6 11. Rc1 Bb7 12. Qe2 Rc8 13. b3 Nd7 14. Rfd1 Nce5 15. Nxe5 Nxe5 16. Bb1 Qc7 17. f4 Ng6 18. f5 Ne5 19. Nb5 Qb8 20. fxe6 fxe6 21. Nd4 Rfe8 22. Nxe6 Bf6 23. Nf4 Nf7 24. Nd5 Bxd5 25. Rxd5 Re6 26. Bf4 Rce8 1/2-1/2

[Event "Hessen-ch Seniors op 11th"]
[Site "Bad Sooden-Allendorf"]
[Date "2015.05.16"]
[Round "8"]
[White "Rueberg, Jobst"]
[Black "Skorna, Ullrich"]
[Result "1/2-1/2"]
[WhiteElo "2163"]
[BlackElo "2095"]
[PlyCount "50"]
[EventDate "2015.05.09"]
[EventType "swiss"]
[EventRounds "9"]
[EventCountry "GER"]
[SourceTitle "EXT 2018"]
[Source "ChessBase"]
[SourceDate "2017.10.13"]
[SourceVersion "1"]
[SourceVersionDate "2017.10.13"]
[SourceQuality "1"]

1. e4 e6 2. d4 d5 3. e5 c5 4. c3 Nc6 5. Nf3 Nh6 6. Bd3 cxd4 7. cxd4 f6 8. 0-0 Nf7 9. exf6 Qxf6 10. Nc3 Bd6 11. a3 0-0 12. Be3 g5 13. Qd2 g4 14. Ng5 Nxg5 15. Bxg5 Bf4 16. Bxf4 Qxf4 17. Rad1 Qxd2 18. Rxd2 Bd7 19. Rfd1 Kg7 20. Be2 h5 21. f3 gxf3 22. Bxf3 Kh6 23. Re1 Rf6 24. Ne2 Rg8 25. Rd3 Be8 1/2-1/2

[Event "Hessen-ch Seniors op 11th"]
[Site "Bad Sooden-Allendorf"]
[Date "2015.05.13"]
[Round "5"]
[White "Kierzek, Mira"]
[Black "Rueberg, Jobst"]
[Result "1-0"]
[WhiteElo "2073"]
[BlackElo "2163"]
[PlyCount "43"]
[EventDate "2015.05.09"]
[EventType "swiss"]
[EventRounds "9"]
[EventCountry "GER"]
[SourceTitle "EXT 2018"]
[Source "ChessBase"]
[SourceDate "2017.10.13"]
[SourceVersion "1"]
[SourceVersionDate "2017.10.13"]
[SourceQuality "1"]

1. d4 Nf6 2. c4 e6 3. Nf3 b6 4. g3 Ba6 5. b3 Bb7 6. Bg2 Bb4+ 7. Bd2 a5 8. Nc3 0-0 9. 0-0 Na6 10. Qc2 Rc8 11. a3 Bxc3 12. Bxc3 Be4 13. Qb2 d5 14. Nd2 Bxg2 15. Kxg2 Nb8 16. f3 Nbd7 17. e4 c5 18. Rad1 dxc4 19. Nxc4 cxd4 20. Bxd4 Qc7 21. Rc1 b5 22. Nb6 1-0

[Event "Ruhrgebiet Verbandsliga Gruppe 2 1415"]
[Site "Germany"]
[Date "2015.01.18"]
[Round "5"]
[White "Rueberg, Jobst"]
[Black "Braun, Uwe"]
[Result "1-0"]
[WhiteElo "2066"]
[BlackElo "1795"]
[PlyCount "95"]
[EventDate "2014.09.21"]
[EventType "team-tourn"]
[EventRounds "9"]
[EventCountry "GER"]
[SourceTitle "EXT 2022"]
[Source "ChessBase"]
[SourceDate "2021.10.06"]
[SourceVersion "1"]
[SourceVersionDate "2021.10.06"]
[SourceQuality "1"]
[WhiteTeam "Ahlen SV"]
[BlackTeam "Bottrop SV"]
[WhiteTeamCountry "GER"]
[BlackTeamCountry "GER"]

1. e4 c6 2. c4 d5 3. exd5 cxd5 4. cxd5 Qxd5 5. Nc3 Qa5 6. Nf3 Nf6 7. Bc4 e6 8. 0-0 Bb4 9. Ne2 b5 10. Bb3 Nbd7 11. d4 Bb7 12. Nf4 0-0 13. Qe2 Bd6 14. Ne5 Nb6 15. Bd2 Bb4 16. Be3 Nbd5 17. a3 Nxe3 18. axb4 Nxg2 19. bxa5 Nxf4 20. Qe3 Ng2 21. Qg3 Nh5 22. Qxg2 Bxg2 23. Kxg2 Nf4+ 24. Kf3 g5 25. h4 f6 26. Nd7 Rf7 27. Nc5 Re7 28. Rae1 Rae8 29. Rh1 Kg7 30. hxg5 fxg5 31. Kg4 h6 32. Re3 Kg6 33. Bc2+ Kg7 34. Re5 Rd8 35. Rxg5+ hxg5 36. Rh7+ Kg8 37. Rxe7 Rxd4 38. Kxg5 Nh3+ 39. Kf6 Rf4+ 40. Kxe6 Ng5+ 41. Kd6 Rxf2 42. Bb3+ Kh8 43. Rxa7 Rxb2 44. Kc6 Ne4 45. Nxe4 Rxb3 46. Nc5 Rb1 47. Rb7 b4 48. a6 1-0